000 00606nam a2200169 a 4500
008 120416s1994 ||||||||||||||||| || u
020 _a075061739X
050 _aNA 105 Fei
100 _aFeilden, Bernard M
245 1 0 _aConservation of historic buildings
250 _aRev. ed.
260 _aOxford:
_bButterworth Architecture
_c1994
300 _ax, 345p. : ill.
350 _a0.00
650 _aHISTORIC--BUILDINGS--CONSERVATION AND RESTORATION
995 _D0.00
_FCBU-MAIN LIBRARY (Kitwe)
_H1
_I0.00
_UAVAILABLE
_ZMain Library Open Access Collection
999 _c38457
_d38457